| 000 | 00715nam a2200241Ia 4500 | ||
|---|---|---|---|
| 003 | OSt | ||
| 005 | 20220925231633.0 | ||
| 006 | a|||||r|||| 00| 0 | ||
| 007 | ta | ||
| 008 | 220923b |||||||| |||| 00| 0 eng d | ||
| 020 | _a0719008158 | ||
| 037 | _cGeneral Book | ||
| 040 |
_aRTL _cRTL _beng |
||
| 041 |
_2eng _aeng |
||
| 082 | _aX9(HZ):9J2.79162.N7, M1 | ||
| 100 |
_aLaite Julian _9295842 |
||
| 245 | 0 | _aIndustrial development and migrant labour. | |
| 260 |
_aManchester _bManchester University press _c1981 |
||
| 300 |
_avi, 229p. Bib p 214-20. _ccm. |
||
| 650 |
_aMinings _9234290 |
||
| 942 |
_hX9(HZ):9J2.79162.N7, M1 _cGB _2CC |
||
| 999 |
_c589046 _d589046 |
||